000 00291nam a22001337a 4500
008 180903b xxu||||| |||| 00| 0 eng d
020 _a9780805382846
041 _aeng
080 _a611
100 _a7
101 _aANA
245 _aGet Ready For A P
_cGarrett.l.K
942 _2udc
_cBK
999 _c47466
_d47466